1940 1130 1708 1522 1863 1766 1763 1222 1665 1376 1877 1474 1167 1067 1246 1640 1438 1272 1779 1130 1207 1394 1715 1058 1594 1571 1047 1765 1193 1005 1012 1626 1415 1596 1693 1836 1622 1871 1847 1715 1363 1912 1331 1625 1509 1964 1275 1973 1487 1884 1295 1080 1949 1252 1881 1235 1254 1655 1824 1109 1911 1856 1663 1876 1397 1331 1478 1609 1363 1222 1829 1487 1605 1668 1422 1762 1852 1518 1446 1666 1151 1535 1408 1056 1004 1014 1736 1917 1644 1770 1362 1398 1149 1729 1309 1438 1391 1089 1117 BCNSPRNW ULIB Ver.6.0+V

เปลี่ยนเป็นภาษาไทย

Change to English
 แสดงรายละเอียดบรรณานุกรม
  กลับหน้าหลัก

Brief Record : Get Marc (ISO 2709) : E-mail record : QR code < ปิดหน้าต่าง
LEADER : 00000nam 2200000uu 4500
001    13399112854
003     ULIB
008    110914s2551||||th 000 0 tha d
020    9789741095605
090    นว.^bฉ519ต 2551
100 0  เฉี่ยนเฉ่าโม่ลี่
245 00 ตำรับรักมัดหัวใจ/^cเฉี่ยนเฉ่าโม่ลี่
250    พิมพ์ครั้งที่ 1
260    กรุงเทพฯ :^bแจ่มใส,^c2551
300    281 หน้า
710 1  แจ่มใส
945    ^p149^l0^i15831
995    กัณชพร
999     ^aใช้งานได้ทุกระบบ
รายการนี้ยังไม่มีแท็ก
คุณยังไม่ได้ล็อกอิน คุณสามารถมีกิจกรรมร่วมกับเว็บไซต์ได้ แต่ต้องล็อกอินก่อน ::
  ล็อกอิน

รายการสื่อสารสนเทศ

ลำดับที่ ประเภท เลขเรียก/บาร์โค้ด สถานที่ สถานะ
1. วิทยาศาสตร์การแพทย์ และสุขภาพ
วิทยาศาสตร์การแพทย์ และสุขภาพ
นว. ฉ519ต 2551  
  Barcode: 15831
ห้องสมุดวิทยาเขตสวรรค์ประชารักษ์
►นวนิยาย
บนชั้น
  ขอยืม

BibComment


ยังไม่เคยถูกคอมเมนท์

คอมเมนท์ทรัพยากรรายการนี้
  คอมเมนท์: ตำรับรักมัดหัวใจ ..


 Copyright 2026. Bcnsprnw @Library